| 000 | 00766cam a2200205 4500 | ||
|---|---|---|---|
| 001 | WS118647 | ||
| 008 | 020702n 000 0 eng u | ||
| 035 | _a(Sirsi) u118647 | ||
| 245 | _aBusinesslaw.gov | ||
| 520 | _aWeb site for this online resource guide designed to provide legal and regulatory information to US small businesses. Includes pages on starting a business, handling finances, managing employees and getting out of business. | ||
| 650 | _aUSA | ||
| 650 | _aINTERNATIONAL | ||
| 650 | _aGOVERNMENT | ||
| 650 | _aSMALL BUSINESSES | ||
| 650 | _aFINANCE | ||
| 650 | _aHUMAN RESOURCES | ||
| 690 | _aMANAGEMENT-BUSINESS MANAGEMENT | ||
| 856 | 4 | 0 |
_uhttps://www.businesslaw.gov. _zView the website free of charge at www.businesslaw.gov.... |
| 942 | _n0 | ||
| 999 |
_c120067 _d120067 |
||